The Housing Act 1996: a guide. (Record no. 94320)

MARC details
000 -LEADER
fixed length control field 01118cam a2200325 4500
008 - FIXED-LENGTH DATA ELEMENTS--GENERAL INFORMATION
fixed length control field 090401t1996 xxu||||| |||| 00| 0 eng d
020 ## - INTERNATIONAL STANDARD BOOK NUMBER
International Standard Book Number 1900396408
035 ## - SYSTEM CONTROL NUMBER
System control number (Sirsi) u61529
041 ## - LANGUAGE CODE
Language code of text/sound track or separate title eng
050 ## - LIBRARY OF CONGRESS CALL NUMBER
Classification number 306.026
100 ## - MAIN ENTRY--PERSONAL NAME
Personal name Irvine, Michael
245 #4 - TITLE STATEMENT
Title The Housing Act 1996: a guide.
260 ## - PUBLICATION, DISTRIBUTION, ETC.
Place of publication, distribution, etc. Coventry
Name of publisher, distributor, etc. Chartered Institute of Housing
Date of publication, distribution, etc. 1996
300 ## - PHYSICAL DESCRIPTION
Extent xii,108p. ; 21cm.
350 ## - PRICE (NR) (BK AM CF MU VM SE) [OBSOLETE]
Price 15
520 ## - SUMMARY, ETC.
Summary, etc. Examines the changes brought about by the introduction of the Housing Act 1996. Provides an overview and full analysis on a section by section basis, cross referencing and highlighting the main legislative changes.
650 ## - SUBJECT ADDED ENTRY--TOPICAL TERM
Topical term or geographic name entry element HOMELESSNESS
650 ## - SUBJECT ADDED ENTRY--TOPICAL TERM
Topical term or geographic name entry element HOUSES IN MULTIPLE OCCUPATION
650 ## - SUBJECT ADDED ENTRY--TOPICAL TERM
Topical term or geographic name entry element HOUSING ACT 1996
650 ## - SUBJECT ADDED ENTRY--TOPICAL TERM
Topical term or geographic name entry element HOUSING CORPORATION
650 ## - SUBJECT ADDED ENTRY--TOPICAL TERM
Topical term or geographic name entry element HOUSING GRANTS
650 ## - SUBJECT ADDED ENTRY--TOPICAL TERM
Topical term or geographic name entry element SOCIAL HOUSING
650 ## - SUBJECT ADDED ENTRY--TOPICAL TERM
Topical term or geographic name entry element SOCIAL RENTED SECTOR
690 ## - LOCAL SUBJECT ADDED ENTRY--TOPICAL TERM (OCLC, RLIN)
Topical term or geographic name as entry element HOUSING
710 ## - ADDED ENTRY--CORPORATE NAME
Corporate name or jurisdiction name as entry element Association of District Councils
9 (RLIN) 1305
710 ## - ADDED ENTRY--CORPORATE NAME
Corporate name or jurisdiction name as entry element Association of Metropolitan Authorities
9 (RLIN) 1383
710 ## - ADDED ENTRY--CORPORATE NAME
Corporate name or jurisdiction name as entry element Chartered Institute of Housing
9 (RLIN) 2394
942 ## - ADDED ENTRY ELEMENTS (KOHA)
Suppress in OPAC 0
948 ## - LOCAL PROCESSING INFORMATION (OCLC); SERIES PART DESIGNATOR (RLIN)
c (OCLC) 04/03/1997
Holdings
Withdrawn status Lost status Source of classification or shelving scheme Damaged status Not for loan Home library Current library Shelving location Date acquired Cost, normal purchase price Total Checkouts Full call number Barcode Date last seen Date last checked out Copy number Cost, replacement price Price effective from Koha item type
    Dewey Decimal Classification     London London Basement 07/01/1997 17.25 11 BASEMENT 61 30051024 06/08/2019 02/09/2002 1 17.25 06/08/2019 Book